00632nam a2200157 i 450000100060000000300090000600700030001500800410001810000380005924501420009726000580023930000220029785200200031999900170033995201180035631174ES-MaACLt|030128s1903 sp ||||1| spa d1 aBenavent y Feliu, Ricardo.92744113aEl arte b: consideraciones estéticas sobre las bellas artes en general y especialmente sobre la música / cRicardo Benavent y Feliu. aGandía : b[s.n., c1903] (fLuis Catalá y Serra) a468 p. ; c22 cm. aES-MaACLjB-678 c31174d31174 00104070aATENEOMbATENEOMcSPBd2008-01-17eSCl0oB-678p1032205r2023-02-23 00:00:00w2023-02-23yMONOGRAFIA